A-Z Cities That End in E - Statistics

General Stats
  • This quiz has been taken 57 times
    32 since last reset
  • The average score is 14 of 21
Answer Stats
Letter Hint City % Correct
A Largest city in Alaska (9) Anchorage
100%
B Capital of Queensland, Australia (8) Brisbane
96%
M Capital of Victoria, Australia, with the largest urban tram network in the world (9) Melbourne
96%
C Largest city in North Rhine-Westphalia; fourth-most populous city in Germany (7) Cologne
93%
H Capital of Zimbabwe, formerly known as Salisbury (6) Harare
89%
J Most populous city in Florida; largest by area in the contiguous United States (12) Jacksonville
89%
N City in Tyne and Wear, North East England; industrial centre for shipbuilding and heavy engineering during the 19th century (17 or 9) Newcastle upon Tyne
86%
S Capital of Andalusia, southern Spain (7) Seville
86%
V Capital of Laos (9) Vientiane
86%
T City in southern France, nicknamed 'The Pink City' for its architecture made of pinkish terracotta bricks (8) Toulouse
79%
D City in eastern Scotland; fourth-largest city in the constituent country (6) Dundee
75%
G Capital of Botswana (8) Gaborone
71%
L City in central Switzerland, in the German-speaking portion of the country, located on the shores of the lake of the same name (7) Lucerne
68%
P Capital of Rhode Island, founded in 1636 as a haven for religious dissenters, reflected in its name (10) Providence
64%
F Principal city of the Miami metropolitan area in Florida, named after a series of forts built during the Second Seminole War (14) Fort Lauderdale
57%
O Third-largest city in Denmark; main city on the island of Funen (6) Odense
57%
K Main city in the Upper Silesian Industrial Region in southern Poland (8) Katowice
54%
U City in Yamaguchi Prefecture, in the far west of Honshu Island (3) Ube
39%
I Largest city of Madhya Pradesh in central India (6) Indore
36%
E City in the eastern Netherlands, in the Twente region of the province of Overijssel (8) Enschede
14%
Z City in the Silesian Voivodeship, southern Poland; Silesian name: Zobrze (6) Zabrze
11%
No matching quizzes found
Score Distribution
Percent of People with Each Score
Percentile by Number Answered
Your Score History
You have not taken this quiz since the last reset